ARRUPE JESUIT UNIVERSITY

CORONAVIRUS -STOP THE SPREAD - CLEAN,DISINFECT,COVER

Freedom and interpretation / (Record no. 120850)

MARC details
000 -LEADER
fixed length control field 01034fam a2200349 a 4500
001 - CONTROL NUMBER
control field 1245629
003 - CONTROL NUMBER IDENTIFIER
control field ARRUPE
005 - DATE AND TIME OF LATEST TRANSACTION
control field 20140915164333.0
008 - FIXED-LENGTH DATA ELEMENTS--GENERAL INFORMATION
fixed length control field 920505s1993 nyu b 001 0 eng
010 ## - LIBRARY OF CONGRESS CONTROL NUMBER
LC control number 92053243
020 ## - INTERNATIONAL STANDARD BOOK NUMBER
International Standard Book Number 0465025382
035 ## - SYSTEM CONTROL NUMBER
System control number (OCoLC)187453894
035 ## - SYSTEM CONTROL NUMBER
System control number (OCoLC)ocn187453894
035 ## - SYSTEM CONTROL NUMBER
System control number (NNC)1245629
040 ## - CATALOGING SOURCE
Original cataloging agency DLC
Transcribing agency DLC
Modifying agency NNC
050 00 - LIBRARY OF CONGRESS CALL NUMBER
Classification number JC571
Item number .F6453 1993
082 00 - DEWEY DECIMAL CLASSIFICATION NUMBER
Classification number 323
Edition number 20
300 ## - PHYSICAL DESCRIPTION
Dimensions 22 cm.
100 ## - MAIN ENTRY--PERSONAL NAME
Personal name Johnson, Barbara,
9 (RLIN) 11304
245 00 - TITLE STATEMENT
Title Freedom and interpretation /
Statement of responsibility, etc Barbara Johnson, editor.
260 ## - PUBLICATION, DISTRIBUTION, ETC. (IMPRINT)
Place of publication, distribution, etc New York :
Name of publisher, distributor, etc BasicBooks,
Date of publication, distribution, etc 1993.
263 ## - PROJECTED PUBLICATION DATE
Projected publication date 9304
300 ## - PHYSICAL DESCRIPTION
Extent viii, 226 p. ;
490 1# - SERIES STATEMENT
Series statement The Oxford Amnesty lectures ;
Volume number/sequential designation 1992
504 ## - BIBLIOGRAPHY, ETC. NOTE
Bibliography, etc Includes bibliographical references (p. 207-215) and index.
650 #0 - SUBJECT ADDED ENTRY--TOPICAL TERM
Topical term or geographic name as entry element Human rights.
9 (RLIN) 11305
650 #0 - SUBJECT ADDED ENTRY--TOPICAL TERM
Topical term or geographic name as entry element Self.
9 (RLIN) 11306
650 #0 - SUBJECT ADDED ENTRY--TOPICAL TERM
Topical term or geographic name as entry element Deconstruction.
9 (RLIN) 11307
700 1# - ADDED ENTRY--PERSONAL NAME
Personal name Johnson, Barbara,
Dates associated with a name 1947-2009.
9 (RLIN) 11308
830 #0 - SERIES ADDED ENTRY--UNIFORM TITLE
Uniform title Oxford Amnesty lectures ;
Volume number/sequential designation 1992.
9 (RLIN) 11309
942 ## - ADDED ENTRY ELEMENTS (KOHA)
Source of classification or shelving scheme Library of Congress Classification
Koha item type Monograph ( Printed materials)
Holdings
Withdrawn status Lost status Source of classification or shelving scheme Damaged status Not for loan Collection code Home library Current library Shelving location Date acquired Total Checkouts Full call number Barcode Date last seen Price effective from Koha item type
    Library of Congress Classification     Main Collection ARRUPE LIBRARY ARRUPE LIBRARY Main Collection 15/09/2014   JC571 .F6453 1993 46500001449 29/06/2018 15/09/2014 Monograph ( Printed materials)

 

Arrupe Library. PO Box MP320 Mt Pleasant, Harare, Zimbabwe
263 242 745411|librarian@aju.ac.zw